Loading...
| Fine Arts - Other | 0 | 3 | 0 | 0 | 30 | 57 | 83.33 | 1 | 3 | 8.27 | 20.00 |
| Literature - American | 0 | 2 | 0 | 0 | 20 | 74 | 101.00 | 0 | 2 | 3.51 | 15.00 |
| Fine Arts - Classical Music | 0 | 1 | 0 | 1 | 10 | 126 | 126.00 | 0 | 1 | 0.16 | 5.00 |
| Fine Arts - Painting and Sculpture | 0 | 1 | 0 | 0 | 10 | 117 | 117.00 | 0 | 1 | 0.00 | 2.50 |
| Science - Chemistry | 0 | 1 | 0 | 1 | 10 | 106 | 106.00 | 0 | 1 | 0.00 | 2.50 |
| Science - Other | 0 | 1 | 0 | 1 | 10 | 114 | 114.00 | 0 | 0 | 0.00 | 2.50 |
| Religion | 0 | 1 | 0 | 0 | 10 | 119 | 119.00 | 0 | 1 | 0.00 | 2.50 |
| Science - Biology | 0 | 1 | 0 | 0 | 10 | 104 | 104.00 | 1 | 1 | 0.00 | 7.50 |
| Philosophy | 0 | 0 | 0 | 0 | 0 | 0.00 | 0 | 0 | 0.00 | 0.00 | |
| Science - Physics | 0 | 0 | 1 | 0 | -5 | 0.00 | 0 | 0 | 0.00 | 0.00 |